Najpopularniejsi superbohaterowie w USA - Statystyki

Ogólne statystyki
  • Ten quiz został rozwiązany 762 razy
  • Średni wynik to 6 z 10
Statystyki odpowiedzi
Hint Odpowiedź % Poprawnych
3 Batman
94%
2 Spider-Man
94%
1 Superman
91%
5 Iron Man
89%
4 Kapitan Ameryka
76%
6 Wonder Woman
41%
7 Aquaman
28%
10 Wolverine
24%
9 Czarna Pantera
21%
8 Kapitan Marvel
12%
Nie znaleziono quizów pasujących do podanych kryteriów
Rozkład punktacji
Procent ludzi z każdym wynikiem
Percentyl według liczby udzielonych odpowiedzi
Twoja historia wyników
Nie rozwiązałeś tego quizu